MARC details
| 000 -CABECERA |
| campo de control de longitud fija |
01555cam a2200301 a 4500 |
| 001 - NÚMERO DE CONTROL |
| campo de control |
000015429 |
| 003 - IDENTIFICADOR DEL NÚMERO DE CONTROL |
| campo de control |
DO-SdBNP |
| 005 - FECHA Y HORA DE LA ÚLTIMA TRANSACCIÓN |
| campo de control |
20260305073955.0 |
| 008 - DATOS DE LONGITUD FIJA--INFORMACIÓN GENERAL |
| campo de control de longitud fija |
890721s1988 ck a b f001 0 spa |
| 020 ## - NÚMERO INTERNACIONAL ESTÁNDAR DEL LIBRO |
| ISBN cancelado o inválido |
9586430006 (set) |
| 035 ## - NÚMERO DE CONTROL DEL SISTEMA |
| Número de control de sistema |
(DLC) 89165877 |
| 040 ## - FUENTE DE LA CATALOGACIÓN |
| Centro catalogador/agencia de origen |
DO-SdBNP |
| Lengua de catalogación |
spa |
| Centro/agencia transcriptor |
DLC |
| Centro/agencia modificador |
DLC |
| -- |
BNPHU |
| 049 ## - FONDOS LOCALES (OCLC) |
| Fondos de biblioteca |
BNGR |
| 082 ## - NÚMERO DE LA CLASIFICACIÓN DECIMAL DEWEY |
| Número de clasificación |
343.0146 |
| Número de documento/Ítem |
P963s |
| 245 00 - MENCIÓN DE TÍTULO |
| Título |
Proceso seguido al General Santander : |
| Resto del título |
por consecuencia del acontecimiento de la noche del 25 septiembre de 1828 en Bogotá / Fundación para la Conmemoración del Bicentenario del Natalicio y el Sesquicentenario de la Muerte del general Francisco de Paula Santander / |
| Mención de responsabilidad, etc. |
presentación, German Mejía Pavony. |
| 260 ## - PUBLICACIÓN, DISTRIBUCIÓN, ETC. |
| Lugar de publicación, distribución, etc. |
Bogotá : |
| Nombre del editor, distribuidor, etc. |
Biblioteca de la Presidencia de la República ; |
| -- |
Administración Virgilio Barco, |
| Fecha de publicación, distribución, etc. |
1988. |
| 300 ## - DESCRIPCIÓN FÍSICA |
| Extensión |
xxii, 401 p. : |
| Otras características físicas |
il. ; |
| Dimensiones |
25 cm. |
| 504 ## - NOTA DE BIBLIOGRAFÍA, ETC. |
| Nota de bibliografía, etc. |
Incluye referencias bibliográficas y notas al pie de páginas. |
| 600 10 - PUNTO DE ACCESO ADICIONAL DE MATERIA--NOMBRE DE PERSONA |
| Nombre de persona |
Santander, Francisco de Paula, |
| Fechas asociadas al nombre |
1792-1840 |
| 9 (RLIN) |
18039 |
| 600 10 - PUNTO DE ACCESO ADICIONAL DE MATERIA--NOMBRE DE PERSONA |
| Nombre de persona |
Bolívar, Simón, |
| Fechas asociadas al nombre |
1783-1830 |
| 9 (RLIN) |
253 |
| 650 #4 - PUNTO DE ACCESO ADICIONAL DE MATERIA--TÉRMINO DE MATERIA |
| Término de materia o nombre geográfico como elemento de entrada |
Asesinato |
| Subdivisión geográfica |
Colombia |
| 9 (RLIN) |
34825 |
| 651 #4 - PUNTO DE ACCESO ADICIONAL DE MATERIA--NOMBRE GEOGRÁFICO |
| Nombre geográfico |
Colombia |
| Subdivisión general |
Política y gobierno |
| Subdivisión de forma |
Ensayos, conferencias, etc. |
| Subdivisión cronológica |
1819-1831. |
| 9 (RLIN) |
34826 |
| 651 #4 - PUNTO DE ACCESO ADICIONAL DE MATERIA--NOMBRE GEOGRÁFICO |
| Nombre geográfico |
Venezuela |
| Subdivisión general |
Política y gobierno |
| Subdivisión de forma |
Ensayos, conferencias, etc. |
| Subdivisión cronológica |
1810-1830. |
| 9 (RLIN) |
26230 |
| 700 1# - PUNTO DE ACCESO ADICIONAL--NOMBRE DE PERSONA |
| Nombre de persona |
Mejía Pavony, German, |
| Fechas asociadas al nombre |
1792-1840. |
| 9 (RLIN) |
34828 |
| 710 1# - PUNTO DE ACCESO ADICIONAL--NOMBRE DE ENTIDAD CORPORATIVA |
| Nombre de entidad corporativa o nombre de jurisdicción como elemento de entrada |
Fundación para la Conmemoración del Bicentenario del Natalicio y el Sesquicentenario de la Muerte del General Francisco de Paula Santander. |
| 9 (RLIN) |
18093 |
| 910 ## - DATOS DE OPCIÓN DEL USUARIO (OCLC) |
| Datos de opción del usuario |
Catalogación por copia / LC |
| 942 ## - ELEMENTOS DE PUNTO DE ACCESO ADICIONAL (KOHA) |
| Fuente del sistema de clasificación o colocación |
Dewey Decimal Classification |
| Tipo de ítem Koha |
Libro |